00390nam a2200121Ia 4500008004100000050002100041245006900062260004000131300001600171650003200187980003200219999001700251151021s9999 xx 000 0 und d aHC 865.K47 2013  a_Narok county development profile/ Kenya Ministry of devolution  aNairobi : Government Printer, 2013  axvii,160p.  a_county vision and mission  a^d20140317 11:33:02^omwanik c14778d14778